• Heimbucher, Max,

di Personal Name

Records bibliografici associati: 1

001 - CONTROL NUMBER

  • control field: 51644

003 - CONTROL NUMBER IDENTIFIER

  • control field: IT-RoINE

005 - DATE AND TIME OF LATEST TRANSACTION

  • control field: 20180713105123.0

008 - FIXED-LENGTH DATA ELEMENTS

  • fixed length control field: 180713|| aca||aabn | a|a d

040 ## - CATALOGING SOURCE

  • Original cataloging agency: IT-RoINE
  • Transcribing agency: IT-RoINE

100 ## - HEADING--PERSONAL NAME

  • Personal name: Heimbucher, Max,
  • Dates associated with a name: 1859-1946

670 ## - SOURCE DATA FOUND

  • Source citation: Work cat.: (IT-RoINE)0: Heimbucher, Max, 1859-1946, Die Orden und Kongregationen der katholischen Kirche /, 1965.